Statistics for Countries that end in "AN"

Click here to take the quiz!

General Stats

  • This quiz has been taken 53 times
  • The average score is 14 of 16

Answer Stats

Answer% Correct
Afghanistan
98%
Kazakhstan
98%
Pakistan
98%
Uzbekistan
98%
Kyrgyzstan
93%
Tajikistan
93%
Turkmenistan
93%
Iran
91%
Japan
91%
Oman
88%
Azerbaijan
84%
Jordan
84%
Bhutan
74%
Sudan
70%
South Sudan
67%
Taiwan
58%

Score Distribution

Percentile by Number Answered

Percent of People with Each Score

Your Score History

You have not taken this quiz